[Event "Opera Euro Rapid KO 2021"]
[Site "chess24.com INT"]
[Date "2021.02.10"]
[Round "1.22"]
[White "Vachier-Lagrave, Maxime"]
[Black "Aronian, Levon"]
[Result "1/2-1/2"]
[WhiteTitle "GM"]
[BlackTitle "GM"]
[WhiteElo "2784"]
[BlackElo "2781"]
[WhiteFideId "623539"]
[BlackFideId "13300474"]
[EventDate "2021.02.09"]

1. e4 e5 2. Nf3 Nc6 3. Bb5 a6 4. Ba4 Nf6 5. O-O Bc5 6. c3 b5 7. Bc2 d5 8. d4
dxe4 9. Nxe5 Nxe5 10. dxc5 Nd3 11. Bxd3 exd3 12. Re1+ Be6 13. Re3 Qd5 14. Rxd3
Qxc5 15. Nd2 Qf5 16. Nf1 O-O 17. Ng3 Qg6 18. Bf4 Rac8 19. Qd2 Rfe8 20. b3 Bf5
21. Rd4 h5 22. h4 Bb1 23. Qd1 Bc2 24. Qd2 Bb1 25. Qd1 Bc2 26. Qd2 Bb1 1/2-1/2

[Event "Opera Euro Rapid KO 2021"]
[Site "chess24.com INT"]
[Date "2021.02.10"]
[Round "1.22"]
[White "So, Wesley"]
[Black "Duda, Jan-Krzysztof"]
[Result "1-0"]
[WhiteTitle "GM"]
[BlackTitle "GM"]
[WhiteElo "2770"]
[BlackElo "2743"]
[WhiteFideId "5202213"]
[BlackFideId "1170546"]
[EventDate "2021.02.09"]

1. d4 Nf6 2. c4 g6 3. Nc3 Bg7 4. e4 d6 5. Nf3 O-O 6. Be2 Nbd7 7. O-O e5 8. Be3
c6 9. d5 c5 10. Ne1 Ne8 11. g4 f6 12. Kh1 Rf7 13. Rg1 Kh8 14. a3 Qe7 15. b4 b6
16. Rb1 Nf8 17. Nf3 Rb8 18. a4 Nd7 19. a5 Qf8 20. axb6 axb6 21. Qd2 Nc7 22. b5
Ra8 23. Ra1 Rxa1 24. Rxa1 f5 25. exf5 gxf5 26. Ng5 f4 27. Qc2 Nf6 28. Bd2 Re7
29. Rg1 f3 30. Bd1 h6 31. Nxf3 Nxg4 32. Nh4 Nxf2+ 33. Kg2 Bh3+ 34. Kg3 Qf7 35.
Ng6+ Kh7 36. Nxe7+ e4 37. Nxe4 Be5+ 38. Kh4 Bf5 39. Nxf5 Qxf5 40. Nxf2 1-0

[Event "Opera Euro Rapid KO 2021"]
[Site "chess24.com INT"]
[Date "2021.02.10"]
[Round "1.22"]
[White "Giri, Anish"]
[Black "Radjabov, Teimour"]
[Result "1/2-1/2"]
[WhiteTitle "GM"]
[BlackTitle "GM"]
[WhiteElo "2764"]
[BlackElo "2765"]
[WhiteFideId "24116068"]
[BlackFideId "13400924"]
[EventDate "2021.02.09"]

1. e4 e5 2. Nf3 Nc6 3. Bb5 Nf6 4. d3 d6 5. O-O Bd7 6. c4 Be7 7. Nc3 O-O 8. h3 h6
9. Be3 Nh7 10. Bxc6 bxc6 11. d4 exd4 12. Nxd4 Re8 13. Qd3 c5 14. Nde2 Bf6 15.
Rad1 Bc6 16. b3 Ng5 17. f3 Ne6 18. Nd5 Bh4 19. Nec3 Bf6 20. Nxf6+ Qxf6 21. f4
Nf8 22. Rde1 Nd7 23. Nd5 Bxd5 24. exd5 Re7 25. Bd2 Rae8 26. Bc3 Qh4 27. Rxe7
Rxe7 28. Qf5 Nf6 29. Bxf6 Qxf6 30. Qxf6 gxf6 31. Kf2 f5 32. Re1 Rxe1 33. Kxe1 h5
34. Kd2 Kf8 35. Kc3 Ke7 36. b4 Kd7 37. Kb3 c6 38. bxc5 dxc5 1/2-1/2

[Event "Opera Euro Rapid KO 2021"]
[Site "chess24.com INT"]
[Date "2021.02.10"]
[Round "1.23"]
[White "Dubov, Daniil"]
[Black "Carlsen, Magnus"]
[Result "1-0"]
[WhiteTitle "GM"]
[BlackTitle "GM"]
[WhiteElo "2710"]
[BlackElo "2862"]
[WhiteFideId "24126055"]
[BlackFideId "1503014"]
[EventDate "2021.02.09"]

1. d4 Nf6 2. c4 e6 3. Nf3 b6 4. g3 Bb7 5. Bg2 Bb4+ 6. Bd2 c5 7. Bxb4 cxb4 8. O-O
O-O 9. Nbd2 a5 10. Re1 d6 11. e4 Nfd7 12. Qe2 e5 13. Rad1 Nc6 14. Nf1 Qf6 15.
Ne3 Nxd4 16. Nxd4 exd4 17. e5 Qxe5 18. Bxb7 Ra7 19. Qg4 Nf6 20. Qxd4 Rxb7 21.
Qxd6 Qxb2 22. Rd2 Qc3 23. Nd1 Re8 24. Rxe8+ Nxe8 25. Nxc3 1-0

[Event "Opera Euro Rapid KO 2021"]
[Site "chess24.com INT"]
[Date "2021.02.10"]
[Round "1.23"]
[White "Aronian, Levon"]
[Black "Vachier-Lagrave, Maxime"]
[Result "1-0"]
[WhiteTitle "GM"]
[BlackTitle "GM"]
[WhiteElo "2781"]
[BlackElo "2784"]
[WhiteFideId "13300474"]
[BlackFideId "623539"]
[EventDate "2021.02.09"]

1. e4 c5 2. Nf3 d6 3. d4 cxd4 4. Nxd4 Nf6 5. Nc3 a6 6. f3 e6 7. g4 b5 8. a3 Bb7
9. g5 Nfd7 10. h4 Nc6 11. Nxc6 Bxc6 12. Be3 Qb8 13. Qd4 a5 14. h5 Ne5 15. Be2 b4
16. axb4 axb4 17. Rxa8 Bxa8 18. Na4 Nc6 19. Qb6 Be7 20. Qxb8+ Nxb8 21. Nb6 Bc6
22. Nc8 Bb7 23. Nxe7 Kxe7 24. h6 g6 25. e5 Nd7 26. exd6+ Kxd6 27. Rh4 b3 28. Rb4
Bd5 29. c4 Bc6 30. Rxb3 Ra8 31. Rd3+ Ke7 32. b4 Ne5 33. Rc3 Ra1+ 34. Kf2 Ra2 35.
b5 Bb7 36. Bd4 Nd7 37. c5 1-0

[Event "Opera Euro Rapid KO 2021"]
[Site "chess24.com INT"]
[Date "2021.02.10"]
[Round "1.23"]
[White "Radjabov, Teimour"]
[Black "Giri, Anish"]
[Result "1/2-1/2"]
[WhiteTitle "GM"]
[BlackTitle "GM"]
[WhiteElo "2765"]
[BlackElo "2764"]
[WhiteFideId "13400924"]
[BlackFideId "24116068"]
[EventDate "2021.02.09"]

1. d4 Nf6 2. c4 e6 3. Nf3 d5 4. Nc3 Bb4 5. cxd5 exd5 6. Bg5 h6 7. Bh4 O-O 8. e3
Bf5 9. Ne5 c5 10. Bd3 cxd4 11. exd4 Bxd3 12. Qxd3 Qd6 13. O-O Bxc3 14. bxc3 Nbd7
15. Bg3 Qe6 16. Rfe1 Ne4 17. c4 Nxg3 18. cxd5 Qxd5 19. Nxd7 Qxd7 20. hxg3 Rad8
21. Rad1 Qd5 22. Qa3 a6 23. Qb4 Rfe8 24. Rxe8+ Rxe8 25. a4 b5 26. axb5 axb5 27.
Rb1 Re4 28. Qxb5 Qxb5 29. Rxb5 Rxd4 30. Rb8+ Kh7 31. Rb7 f6 32. f3 Rd1+ 33. Kh2
Rd2 34. Kg1 Rd1+ 35. Kh2 Rd2 36. Kg1 Rd1+ 1/2-1/2

[Event "Opera Euro Rapid KO 2021"]
[Site "chess24.com INT"]
[Date "2021.02.10"]
[Round "1.24"]
[White "Vachier-Lagrave, Maxime"]
[Black "Aronian, Levon"]
[Result "1/2-1/2"]
[WhiteTitle "GM"]
[BlackTitle "GM"]
[WhiteElo "2784"]
[BlackElo "2781"]
[WhiteFideId "623539"]
[BlackFideId "13300474"]
[EventDate "2021.02.09"]

1. e4 c5 2. Nf3 d6 3. d4 cxd4 4. Nxd4 Nf6 5. Nc3 a6 6. Be3 e5 7. Nf3 Be7 8. Bc4
Be6 9. Bb3 O-O 10. O-O b5 11. Re1 Qc8 12. a4 b4 13. Nd5 Nxd5 14. Bxd5 Bxd5 15.
Qxd5 Nd7 16. Bg5 Nb6 17. Qd3 Bxg5 18. Nxg5 Qc5 19. Red1 Rfd8 20. a5 Nc4 21. Qb3
Rab8 22. Rd5 Qc7 23. Nf3 Rb7 24. h3 g6 25. Nd2 Nxd2 26. Rxd2 Kg7 27. Rad1 Rb5
28. g3 Rxa5 29. Qxb4 Rc5 30. c3 Qc6 31. Qa3 Qxe4 32. Rxd6 Rxd6 33. Rxd6 Qb1+ 34.
Kg2 Rb5 35. Rd8 Qe4+ 36. Kg1 Qe1+ 37. Kg2 Qe4+ 38. Kg1 Rd5 39. Rxd5 Qxd5 40.
Qxa6 Qd1+ 41. Kg2 Qd5+ 42. Kg1 Qd1+ 43. Kg2 Qd5+ 44. Kg1 1/2-1/2

[Event "Opera Euro Rapid KO 2021"]
[Site "chess24.com INT"]
[Date "2021.02.10"]
[Round "1.24"]
[White "Giri, Anish"]
[Black "Radjabov, Teimour"]
[Result "1/2-1/2"]
[WhiteTitle "GM"]
[BlackTitle "GM"]
[WhiteElo "2764"]
[BlackElo "2765"]
[WhiteFideId "24116068"]
[BlackFideId "13400924"]
[EventDate "2021.02.09"]

1. e4 e5 2. Nf3 Nc6 3. Bb5 Nf6 4. O-O Nxe4 5. Re1 Nd6 6. Nxe5 Be7 7. Bf1 Nxe5 8.
Rxe5 O-O 9. Nc3 Bf6 10. Re1 Nf5 11. Nd5 d6 12. c3 Bg5 13. d4 Bxc1 14. Rxc1 c6
15. Ne3 Re8 16. Nxf5 Bxf5 17. Qd2 Qf6 18. Qf4 g5 19. Qd2 h6 20. a3 Kg7 21. Rxe8
Rxe8 22. Re1 Rxe1 23. Qxe1 c5 24. dxc5 dxc5 25. Qd2 Qe5 26. g3 b6 27. Bg2 Be6
28. f3 Qf5 29. Kf2 Bc4 30. h3 Kg6 31. Qd6+ f6 32. Qd2 a5 33. f4 Qb1 34. Ke3 Qg1+
35. Kf3 Kg7 36. fxg5 hxg5 37. h4 gxh4 38. gxh4 Qh2 39. Qd7+ Kh6 40. Qd8 Qxh4 41.
Qh8+ Kg5 42. Qxh4+ Kxh4 43. Kf4 Bd3 44. b4 Bc2 45. bxa5 bxa5 46. Bd5 Kh5 47.
Bf3+ Kg6 48. Bd5 Kg7 49. Bf3 Kf7 50. Bd5+ Ke7 51. Bf3 Kd6 52. Bh5 Bb3 53. Be8
Be6 54. Ba4 Kc7 55. Bb5 Kb6 56. Ba4 Kc7 57. Bb5 Kd6 58. Ba4 Bc4 59. Be8 Bd3 60.
Bf7 Kc6 61. Be8+ Kb6 62. Ba4 Bb5 63. Bc2 Bd7 64. Bd3 Bc8 65. Be2 Be6 66. Bd3 Bb3
67. Be2 c4 68. Bh5 Bc2 69. Bf7 Kc5 70. Be6 1/2-1/2

[Event "Opera Euro Rapid KO 2021"]
[Site "chess24.com INT"]
[Date "2021.02.10"]
[Round "1.31"]
[White "Carlsen, Magnus"]
[Black "Dubov, Daniil"]
[Result "1-0"]
[WhiteTitle "GM"]
[BlackTitle "GM"]
[WhiteElo "2862"]
[BlackElo "2710"]
[WhiteFideId "1503014"]
[BlackFideId "24126055"]
[EventDate "2021.02.09"]

1. e4 e5 2. Nf3 Nc6 3. Bc4 Nf6 4. d3 h6 5. Nc3 Bb4 6. O-O Bxc3 7. bxc3 O-O 8.
Bb3 d5 9. exd5 Nxd5 10. h3 Nxc3 11. Qe1 Nd4 12. Nxe5 Nce2+ 13. Kh1 Bxh3 14. gxh3
Nxb3 15. Qxe2 Qd5+ 16. Kh2 Nxa1 17. Bb2 Rae8 18. Rg1 f6 19. Qg4 g5 20. Qf5 Re7
21. Ng6 Qd6+ 22. Rg3 Nxc2 23. Nxf8 Nd4 24. Bxd4 Qxd4 25. Ne6 Qe5 26. Qg6+ Kh8
27. Qxh6+ Kg8 28. Qf8+ 1-0

[Event "Opera Euro Rapid KO 2021"]
[Site "chess24.com INT"]
[Date "2021.02.10"]
[Round "1.31"]
[White "Giri, Anish"]
[Black "Radjabov, Teimour"]
[Result "1/2-1/2"]
[WhiteTitle "GM"]
[BlackTitle "GM"]
[WhiteElo "2764"]
[BlackElo "2765"]
[WhiteFideId "24116068"]
[BlackFideId "13400924"]
[EventDate "2021.02.09"]

1. d4 Nf6 2. Bf4 g6 3. Nc3 d5 4. e3 Bg7 5. Nf3 O-O 6. Nb5 Na6 7. h3 c6 8. Nc3
Qb6 9. Rb1 c5 10. Be2 Bf5 11. O-O Rac8 12. Be5 Rfd8 13. Bxa6 Qxa6 14. dxc5 Rxc5
15. Nd4 Bd7 16. Nb3 Rcc8 17. Qd4 Bc6 18. Rfd1 b6 19. a4 Qb7 20. a5 Ne8 21. Bxg7
Nxg7 22. Ra1 Nf5 23. Qg4 h5 24. Qg5 e5 25. e4 Qe7 26. Qxe7 Nxe7 27. exd5 Nxd5
28. axb6 Nxc3 29. bxc3 axb6 30. Rxd8+ Rxd8 31. Ra6 Rb8 32. c4 Be4 33. c5 bxc5
34. Nxc5 Bxc2 35. Nd7 Rb5 36. Nf6+ Kg7 37. Ne8+ Kf8 38. Nf6 e4 39. Ra7 Rf5 40.
Nd7+ Kg7 41. Rc7 Bd3 42. Nc5 h4 43. Nxd3 exd3 44. Rd7 Re5 45. Rxd3 Re1+ 46. Kh2
Rf1 47. f3 g5 48. Rd5 f6 49. Ra5 Kg6 50. Ra6 1/2-1/2

[Event "Opera Euro Rapid KO 2021"]
[Site "chess24.com INT"]
[Date "2021.02.10"]
[Round "1.32"]
[White "Dubov, Daniil"]
[Black "Carlsen, Magnus"]
[Result "1-0"]
[WhiteTitle "GM"]
[BlackTitle "GM"]
[WhiteElo "2710"]
[BlackElo "2862"]
[WhiteFideId "24126055"]
[BlackFideId "1503014"]
[EventDate "2021.02.09"]

1. d4 Nf6 2. c4 e6 3. Nf3 d5 4. g3 Bb4+ 5. Bd2 Be7 6. Bg2 O-O 7. O-O c6 8. Bc3
Ne4 9. Qc2 Nd7 10. Rc1 Nxc3 11. Nxc3 dxc4 12. a4 Qa5 13. Ne4 e5 14. Qxc4 exd4
15. Nxd4 Rd8 16. Nb3 Qb4 17. Qxb4 Bxb4 18. a5 a6 19. Rd1 Be7 20. Bh3 Rb8 21. Nd6
Nb6 22. Nxc8 Nxc8 23. Rxd8+ Bxd8 24. Rd1 Na7 25. Rd7 Nb5 26. Bf5 g6 27. Bd3 Kf8
28. Nc5 Be7 29. Na4 Ke8 30. Nb6 Bc5 31. Bxb5 Bxb6 32. Rxb7 Rxb7 33. Bxc6+ Ke7
34. Bxb7 Bxa5 35. Bxa6 g5 36. Bd3 h6 37. Kg2 Be1 38. Kf3 Ke6 39. Bc4+ Ke7 40. e3
f6 41. Ke2 Bb4 42. f4 Bc5 43. Kf3 Kd6 44. b3 Bb4 45. h3 Bd2 46. e4 gxf4 47. gxf4
h5 48. Bf7 h4 49. Kg4 Be1 50. Bc4 Ke7 51. e5 fxe5 52. fxe5 Bg3 53. Kf5 Be1 54.
Ke4 Kd7 55. Kd5 Ke7 56. Kc5 Bg3 57. e6 Bf2+ 58. Kb5 Be1 59. Kc5 Bf2+ 60. Kb5 Be1
61. b4 Kd6 62. Bd5 Bd2 63. Kc4 Be1 64. Kb5 Bd2 65. Bb3 Be1 66. Ka4 Bf2 67. Bc4
Ke7 68. Ka5 Be1 69. Kb5 Kd6 70. Ka4 Bf2 71. Kb3 Be1 72. b5 Bf2 73. Kc2 Bb6 74.
Kd3 Ke7 75. Ke4 Bf2 76. Kd5 Kd8 77. Kc6 Be3 78. Kd5 Ke7 79. Ke5 Bb6 80. Kf5 Bf2
81. Bd5 Bb6 82. Kg5 Bf2 83. Bc4 Ke8 84. Kf6 Bd4+ 85. Kf5 Ke7 86. Ke4 Bf2 87. Kd5
Be3 88. Kc6 Kd8 89. b6 Bf2 90. b7 Bg3 91. Bd5 Ke7 92. Kb6 Bb8 93. Kc5 Kf6 94.
Kd4 Ke7 95. Ke4 Kf6 96. Kf3 Bd6 97. Kg4 Bg3 98. Bc4 Ke7 99. Kg5 Kd8 100. Kf6 Bd6
101. b8=Q+ 1-0

[Event "Opera Euro Rapid KO 2021"]
[Site "chess24.com INT"]
[Date "2021.02.10"]
[Round "1.32"]
[White "Radjabov, Teimour"]
[Black "Giri, Anish"]
[Result "1-0"]
[WhiteTitle "GM"]
[BlackTitle "GM"]
[WhiteElo "2765"]
[BlackElo "2764"]
[WhiteFideId "13400924"]
[BlackFideId "24116068"]
[EventDate "2021.02.09"]

1. e4 e5 2. Nf3 Nc6 3. d3 g6 4. g3 Bg7 5. Bg2 Nge7 6. O-O O-O 7. c4 d6 8. Nc3 h6
9. Nd5 Kh7 10. Bd2 f5 11. Rc1 g5 12. exf5 Bxf5 13. Be3 Qd7 14. Nxe7 Qxe7 15. h4
Bf6 16. hxg5 hxg5 17. Nxg5+ Bxg5 18. Qh5+ Kg7 19. Bxg5 Qe6 20. Be3 Bxd3 21. Rfd1
Qg6 22. Qxg6+ Bxg6 23. c5 Rad8 24. cxd6 cxd6 25. a3 Rd7 26. Rd2 Bf5 27. Rcd1 Rf6
28. Bc5 e4 29. Rxd6 Rfxd6 30. Rxd6 Rxd6 31. Bxd6 Kf6 32. f4 exf3 33. Bxf3 Bc8
34. Bc5 a6 35. Kf2 Kg6 36. Ke3 Ne5 37. Be4+ Kg5 38. Kd4 Nc6+ 39. Kd5 Kg4 40. Kd6
Kxg3 41. Kc7 Be6 42. Kxb7 Na5+ 43. Kxa6 Nc4 44. Bd4 Kf4 45. Bd3 Nd2 46. Kb5 Bd7+
47. Kb4 Nf3 48. Kc3 Ng5 49. b4 Ne4+ 50. Kb2 Ba4 51. b5 Nd6 52. b6 Nb7 53. Kc3
Bc6 54. Kb4 Be4 55. Bf1 Bf3 56. a4 Ke4 57. Bg1 Kd5 58. a5 Nd6 59. a6 Kc6 60. Bc5
Nf5 61. Bb5+ Kd5 62. b7 1-0

[Event "Opera Euro Rapid KO 2021"]
[Site "chess24.com INT"]
[Date "2021.02.10"]
[Round "1.33"]
[White "Carlsen, Magnus"]
[Black "Dubov, Daniil"]
[Result "1-0"]
[WhiteTitle "GM"]
[BlackTitle "GM"]
[WhiteElo "2862"]
[BlackElo "2710"]
[WhiteFideId "1503014"]
[BlackFideId "24126055"]
[EventDate "2021.02.09"]

1. e4 c5 2. Nf3 Nc6 3. Bb5 g6 4. O-O Bg7 5. Bxc6 bxc6 6. Re1 Nh6 7. e5 Nf5 8. d3
O-O 9. Nbd2 d6 10. b3 Nd4 11. Nxd4 cxd4 12. exd6 exd6 13. Qf3 Re8 14. Rxe8+ Qxe8
15. Ba3 Be6 16. Ne4 d5 17. Nf6+ Bxf6 18. Qxf6 Qd8 19. Qxd4 f6 20. Re1 Kf7 21.
Bb2 a6 22. Qh4 h5 23. Qf4 g5 24. Qf3 Bg4 25. Qe3 Qd6 26. h3 Bd7 27. Qf3 g4 28.
hxg4 hxg4 29. Qg3 Qxg3 30. fxg3 Re8 31. Rc1 c5 32. Kf2 c4 33. Rd1 Bf5 34. Rd2
Rc8 35. Bd4 cxd3 36. cxd3 Rc1 37. b4 Rb1 38. Bc3 d4 39. Bxd4 Rxb4 40. Ke3 Ra4
41. Bc5 Ke6 42. a3 Kd5 43. Bb4 a5 44. Be7 Ke6 45. Bf8 Kd5 46. Rc2 Ke6 47. Rc6+
Kf7 48. Bc5 Be6 49. Rd6 Bf5 50. Ra6 Be6 51. d4 Rc4 52. Ke4 Rc2 53. Rxa5 Re2+ 54.
Kd3 Rxg2 55. Bd6 f5 56. d5 Bd7 57. Ra7 Ke8 58. a4 Rg1 59. Kd4 Re1 60. a5 Re4+
61. Kc5 f4 62. Bxf4 Ra4 63. Ra8+ Kf7 64. a6 1-0

[Event "Opera Euro Rapid KO 2021"]
[Site "chess24.com INT"]
[Date "2021.02.11"]
[Round "2.11"]
[White "Carlsen, Magnus"]
[Black "Vachier-Lagrave, Maxime"]
[Result "1-0"]
[WhiteTitle "GM"]
[BlackTitle "GM"]
[WhiteElo "2862"]
[BlackElo "2784"]
[WhiteFideId "1503014"]
[BlackFideId "623539"]
[EventDate "2021.02.09"]

1. d4 Nf6 2. c4 g6 3. Nc3 d5 4. cxd5 Nxd5 5. Bd2 Bg7 6. e4 Nb6 7. Be3 O-O 8. h3
e5 9. Nf3 exd4 10. Bxd4 Nc6 11. Bxg7 Qxd1+ 12. Rxd1 Kxg7 13. Bb5 Nb4 14. a3 a6
15. Be2 Nc6 16. Nd4 Nxd4 17. Rxd4 Be6 18. O-O Rfd8 19. Rfd1 Rxd4 20. Rxd4 Kf6
21. f4 Ke7 22. Kf2 Rd8 23. Ke3 Rxd4 24. Kxd4 f6 25. h4 Nd7 26. b4 h6 27. a4 g5
28. g3 gxf4 29. gxf4 Nb8 30. Nd5+ Bxd5 31. exd5 b6 32. h5 a5 33. bxa5 bxa5 34.
Kc5 f5 35. Bb5 Kd8 36. Kd4 1-0

[Event "Opera Euro Rapid KO 2021"]
[Site "chess24.com INT"]
[Date "2021.02.11"]
[Round "2.11"]
[White "So, Wesley"]
[Black "Radjabov, Teimour"]
[Result "1-0"]
[WhiteTitle "GM"]
[BlackTitle "GM"]
[WhiteElo "2770"]
[BlackElo "2765"]
[WhiteFideId "5202213"]
[BlackFideId "13400924"]
[EventDate "2021.02.09"]

1. e4 c5 2. Nf3 Nc6 3. Bb5 e6 4. O-O Nge7 5. Re1 a6 6. Bxc6 Nxc6 7. d4 cxd4 8.
Nxd4 d6 9. c4 Be7 10. Nc3 O-O 11. Nxc6 bxc6 12. Bf4 e5 13. Bg3 Be6 14. b3 f6 15.
Re3 Qb6 16. Qe2 Rfd8 17. Rd1 Rd7 18. h3 Rad8 19. Red3 Bf8 20. Kh2 Qb7 21. f4 Kh8
22. f5 Bf7 23. Qf3 h6 24. Bf2 Qb4 25. Be1 Qb8 26. Kh1 Qb7 27. g4 a5 28. h4 Be7
29. Bf2 Kg8 30. Be3 a4 31. g5 axb3 32. axb3 hxg5 33. hxg5 fxg5 34. Qg4 Bf6 35.
Bxg5 Kf8 36. Rh3 Ke7 37. Rh7 Qxb3 38. Bxf6+ gxf6 39. Rxf7+ Kxf7 40. Qg6+ Kf8 41.
Qxf6+ Ke8 42. Qh8+ Kf7 43. Qh5+ Kf8 44. Rg1 Rf7 45. f6 Rxf6 46. Qh7 1-0

[Event "Opera Euro Rapid KO 2021"]
[Site "chess24.com INT"]
[Date "2021.02.11"]
[Round "2.12"]
[White "Vachier-Lagrave, Maxime"]
[Black "Carlsen, Magnus"]
[Result "1/2-1/2"]
[WhiteTitle "GM"]
[BlackTitle "GM"]
[WhiteElo "2784"]
[BlackElo "2862"]
[WhiteFideId "623539"]
[BlackFideId "1503014"]
[EventDate "2021.02.09"]

1. e4 e5 2. Nf3 Nc6 3. Bb5 a6 4. Ba4 Nf6 5. O-O Be7 6. Re1 b5 7. Bb3 O-O 8. c3
d6 9. h3 Nb8 10. d4 Nbd7 11. Nbd2 Bb7 12. Bc2 Re8 13. Nf1 Bf8 14. Ng3 g6 15. a4
Nb6 16. a5 Nbd7 17. b4 Bg7 18. d5 Rc8 19. Bb3 c6 20. dxc6 Rxc6 21. Qc2 Qc8 22.
Qa2 Re7 23. Bb2 Bh6 24. Rad1 Bf4 25. Nf1 Rc7 26. N1d2 Qa8 27. Qb1 Nf8 28. c4
bxc4 29. Nxc4 Bxe4 30. Nb6 Qc6 31. Rxe4 Qxe4 32. Qxe4 Nxe4 33. Nd5 Red7 34. g3
Bh6 35. Re1 Nd2 36. Nxd2 Bxd2 37. Rd1 Bxb4 38. Nxb4 Rc5 39. Nxa6 Rxa5 40. Bc4 d5
41. Bd3 d4 42. Bc1 e4 43. Bc4 Ra1 44. Nc5 Rc7 45. Nb3 Rb1 46. Rxd4 Ne6 47. Bxe6
fxe6 48. Rxe4 Rxb3 49. Be3 Rc6 50. Ra4 Rb7 51. Kg2 Kf7 52. Ra5 Rd6 53. h4 Rd5
54. Ra8 Rbd7 55. Rh8 Kf6 56. Rf8+ Kg7 57. Re8 Kf7 58. Rh8 h5 59. Ra8 e5 60. Kf3
Ke6 61. Rg8 Kf7 62. Ra8 Rb5 63. Ra6 Rb4 64. Bg5 e4+ 65. Kg2 Rd1 66. Rf6+ Kg7 67.
Re6 Ra4 68. Re7+ Kf8 69. Re6 Re1 70. Be3 Kf7 71. Re5 Rb4 72. Bd2 1/2-1/2

[Event "Opera Euro Rapid KO 2021"]
[Site "chess24.com INT"]
[Date "2021.02.11"]
[Round "2.12"]
[White "Radjabov, Teimour"]
[Black "So, Wesley"]
[Result "1-0"]
[WhiteTitle "GM"]
[BlackTitle "GM"]
[WhiteElo "2765"]
[BlackElo "2770"]
[WhiteFideId "13400924"]
[BlackFideId "5202213"]
[EventDate "2021.02.09"]

1. d4 Nf6 2. c4 e6 3. Nf3 d5 4. Nc3 Be7 5. Bg5 h6 6. Bxf6 Bxf6 7. e3 O-O 8. Rc1
c6 9. Bd3 Nd7 10. O-O dxc4 11. Bxc4 e5 12. d5 Nb6 13. b3 cxd5 14. Nxd5 Nxc4 15.
bxc4 e4 16. Nd2 Bf5 17. f3 Be7 18. Nxe4 Bxe4 19. fxe4 Rc8 20. Qg4 Rc6 21. e5 Bg5
22. Rcd1 Qc8 23. Qxg5 hxg5 24. Ne7+ Kh7 25. Nxc8 Rcxc8 26. Rd7 Rxc4 27. Rfxf7
Rxf7 28. Rxf7 Re4 29. Rxb7 Rxe3 30. Rxa7 Rxe5 31. Kf2 Rb5 32. Re7 Ra5 33. Re2 g4
34. Ke3 Kg6 35. Kd4 Kf5 36. g3 Ra8 37. Kd5 g5 38. Rf2+ Kg6 39. Kc6 Ra3 40. Kb5
Ra8 41. a4 Rb8+ 42. Kc6 1-0

[Event "Opera Euro Rapid KO 2021"]
[Site "chess24.com INT"]
[Date "2021.02.11"]
[Round "2.13"]
[White "Carlsen, Magnus"]
[Black "Vachier-Lagrave, Maxime"]
[Result "1-0"]
[WhiteTitle "GM"]
[BlackTitle "GM"]
[WhiteElo "2862"]
[BlackElo "2784"]
[WhiteFideId "1503014"]
[BlackFideId "623539"]
[EventDate "2021.02.09"]

1. d4 Nf6 2. c4 g6 3. Nc3 d5 4. cxd5 Nxd5 5. e4 Nxc3 6. bxc3 Bg7 7. Qa4+ Qd7 8.
Qxd7+ Bxd7 9. Rb1 b6 10. f4 c5 11. Nf3 Bc6 12. Bd3 Nd7 13. Ke2 e6 14. Be3 c4 15.
Bc2 Nf6 16. Nd2 b5 17. a4 a6 18. d5 exd5 19. e5 Ne4 20. Nxe4 dxe4 21. Rhd1 O-O
22. Rd6 Rac8 23. axb5 axb5 24. Rxc6 Rxc6 25. Bxe4 Ra6 26. Rxb5 Rd8 27. Rc5 Ra4
28. Kf3 Bf8 29. Rc7 Ba3 30. f5 gxf5 31. Bxf5 Bb2 32. e6 fxe6 33. Bxe6+ Kh8 34.
Bd4+ Rxd4 35. cxd4 Bxd4 36. Bf5 Ra7 37. Rxc4 Bf6 38. h4 Kg7 39. Kg4 Be7 40. Kh5
Ra5 41. g4 Ra7 42. Rc6 Bf8 43. g5 Rb7 44. Bc2 Bb4 45. Kg4 Bd2 46. Rh6 Kg8 47.
Rd6 Bc1 48. Be4 Rc7 49. Rd8+ Kf7 50. Bxh7 1-0

[Event "Opera Euro Rapid KO 2021"]
[Site "chess24.com INT"]
[Date "2021.02.11"]
[Round "2.13"]
[White "So, Wesley"]
[Black "Radjabov, Teimour"]
[Result "1-0"]
[WhiteTitle "GM"]
[BlackTitle "GM"]
[WhiteElo "2770"]
[BlackElo "2765"]
[WhiteFideId "5202213"]
[BlackFideId "13400924"]
[EventDate "2021.02.09"]

1. e4 c5 2. Nf3 Nc6 3. Bb5 g6 4. O-O Bg7 5. c3 Nf6 6. Re1 O-O 7. d4 d5 8. e5 Ne4
9. Bxc6 bxc6 10. Be3 cxd4 11. cxd4 Qb6 12. Qc1 a5 13. Nc3 Nxc3 14. Qxc3 Bf5 15.
b3 Rfb8 16. Nd2 h5 17. h3 Rc8 18. Rac1 Bf8 19. a3 Rab8 20. Qb2 Qd8 21. Rc3 Qd7
22. Rec1 f6 23. Rc5 Rb5 24. a4 Rxc5 25. Rxc5 Bxh3 26. gxh3 Qxh3 27. Nf1 fxe5 28.
dxe5 Bg7 29. Qd4 Qe6 30. Rxa5 Bxe5 31. Qh4 Rf8 32. Ra7 Bd6 33. b4 Rf3 34. Ra8+
Kf7 35. Bh6 Qe2 36. Rf8+ Ke6 37. Rxf3 Qxf3 38. Be3 Kd7 39. a5 Kc8 40. Bc5 Bf4
41. Qxe7 Qg4+ 42. Ng3 Bxg3 43. fxg3 Qxg3+ 44. Kf1 Qd3+ 45. Kf2 Qd2+ 46. Kf3 Qd1+
47. Kf4 Qg4+ 48. Ke5 Qe4+ 49. Kf6 Qxe7+ 50. Kxe7 h4 51. Kd6 h3 52. Bg1 d4 53.
Kxc6 d3 54. a6 Kb8 55. b5 d2 56. a7+ Ka8 57. b6 1-0

[Event "Opera Euro Rapid KO 2021"]
[Site "chess24.com INT"]
[Date "2021.02.11"]
[Round "2.14"]
[White "Radjabov, Teimour"]
[Black "So, Wesley"]
[Result "1/2-1/2"]
[WhiteTitle "GM"]
[BlackTitle "GM"]
[WhiteElo "2765"]
[BlackElo "2770"]
[WhiteFideId "13400924"]
[BlackFideId "5202213"]
[EventDate "2021.02.09"]

1. d4 Nf6 2. c4 e6 3. Nf3 d5 4. Nc3 Be7 5. Bg5 Nbd7 6. e3 h6 7. Bh4 O-O 8. Be2
dxc4 9. Bxc4 a6 10. a4 c5 11. O-O cxd4 12. Nxd4 Ne5 13. Be2 Bd7 14. Qb3 Nc6 15.
Rfd1 Na5 16. Qc2 Rc8 17. Nb3 g5 18. Bg3 Qb6 19. Nxa5 Qxa5 20. Bf3 Bc6 21. Qe2
Rfd8 22. Rxd8+ Qxd8 23. h4 Qa5 24. Rd1 Bb4 25. hxg5 hxg5 26. Bxc6 Rxc6 27. Na2
Be7 28. Nc3 Bb4 29. Qd3 Bxc3 30. bxc3 Kg7 31. c4 Qc5 32. Qb1 b6 33. Qb2 Kg6 34.
Rc1 Ne4 35. Be5 f6 36. Bd4 Qf5 37. f3 Nc5 38. Qa3 e5 39. Bxc5 Rxc5 40. Qb3 b5
41. axb5 1/2-1/2